Mechanizmus fotocytotoxicity akridín-ditiomočovín diplomová práca

Gespeichert in:
Bibliographische Detailangaben
1. Verfasser: Abaffy, Pavel
Format: Buch
Sprache:Slowakisch
Veröffentlicht: Bratislava STU FCHPT 2013
Online-Zugang:Im OPAC anzeigen
Tags: Tag hinzufügen
Keine Tags, Fügen Sie das erste Tag hinzu!

MARC

LEADER 00000nam a2200000 a 4500
005 20260127133945.0
008 130715 2013 000 0 slo d
035 |a vtls010527539 
039 9 |y 201307151305  |z mschk03 
040 |a STUSCHK1  |b slo  |c STUSCHK1  |e AACR2 
100 1 |a Abaffy, Pavel 
245 1 |a Mechanizmus fotocytotoxicity akridín-ditiomočovín  |b diplomová práca  |c Pavel Abaffy 
260 |a Bratislava  |b STU FCHPT  |c 2013 
300 |a s.  |b il.  |c 30 cm 
500 |a Obhájené: 12.06.2013 
500 |a Štud. odbor: biotechnológie 
500 |a Miesto vypracovania: Oddelenie biochémie a mikrobiológie 
500 |a Evid. číslo: FCHPT-5421-58235 
910 |a SCHK95 
999 |c 858  |d 858